000 00284nam a22001097a 4500
008 230606b xxu||||| |||| 00| 0 eng d
082 _a352.473
_bCBO
245 _aThe Budget and Economic outlooks:
_bfiscal Years 2007 to 2016
260 _cjanuary 2006
300 _a171p
942 _2ddc
_cBK
999 _c636
_d636